Представление документа в формате MARC21

ПолеНазваниеЗначение
  Тип записи a
  Библиографический уровень m
001 Контрольный номер RU\infra-m\znanium\bibl\2242883
005 Дата корректировки 20260429142213.7
008 Кодируемые данные 260225s2026 RU g rus u
020 Индекс ISBN __
a ISBN 978-5-16-015897-6
020 Индекс ISBN __
a ISBN 978-5-16-109088-6 (электр. издание)
040 Источник каталогиз. __
a Служба первич. каталог. Общество с ограниченной ответственностью «ЗНАНИУМ»
041 Код языка издания __
a Код языка текста rus
044 Код страны публикации __
a Код страны публикации RU
080 Индекс УДК __
a Индекс УДК 630*2(075.32)
084 Индекс другой классификации/Индекс ББК __
2 Источник индекса rubbk
a Индекс другой классификации/Индекс ББК 43.4я723
084 Индекс другой классификации/Индекс ББК __
2 Источник индекса okso
a Индекс другой классификации/Индекс ББК 15.01.08
084 Индекс другой классификации/Индекс ББК __
2 Источник индекса okso
a Индекс другой классификации/Индекс ББК 35.01.01
084 Индекс другой классификации/Индекс ББК __
2 Источник индекса okso
a Индекс другой классификации/Индекс ББК 35.01.05
084 Индекс другой классификации/Индекс ББК __
2 Источник индекса okso
a Индекс другой классификации/Индекс ББК 35.01.25
084 Индекс другой классификации/Индекс ББК __
2 Источник индекса okso
a Индекс другой классификации/Индекс ББК 35.01.30
084 Индекс другой классификации/Индекс ББК __
2 Источник индекса okso
a Индекс другой классификации/Индекс ББК 35.02.01
084 Индекс другой классификации/Индекс ББК __
2 Источник индекса okso
a Индекс другой классификации/Индекс ББК 35.02.02
084 Индекс другой классификации/Индекс ББК __
2 Источник индекса okso
a Индекс другой классификации/Индекс ББК 35.02.14
084 Индекс другой классификации/Индекс ББК __
2 Источник индекса okso
a Индекс другой классификации/Индекс ББК 35.02.18
100 Автор __
a Автор Тихонов А.С.
q Полное имя Тихонов Анатолий Семенович
u Дополнение Брянский государственный инженерно-технологический университет
245 Заглавие __
a Заглавие Лесоведение
b Продолж. заглавия Учебник
c Ответственность Брянский государственный инженерно-технологический университет
250 Сведения об издании __
a Основные сведения об издании 1
260 Выходные данные __
a Место издания Москва
b Издательство ООО "Научно-издательский центр ИНФРА-М"
c Дата издания 2026
300 Физическое описание __
a Объем 348 с.
440 Серия __
a Серия Среднее профессиональное образование
520 Аннотация __
a Аннотация В настоящем учебнике изложены научные основы современного лесоводства. Даны общие понятия о лесе как биогеоценозе и части географического ландшафта охарактеризованы компоненты экология и классификация лесов. Показаны возобновляемость динамичность насаждений по типам леса и значение законов жизни для практики лесного хозяйства. Для студентов обучающихся по специальностям 35.02.01 «Лесное и лесопарковое хозяйство» 35.02.02 «Технология лесозаготовок». Представляет интерес для аспирантов и научных работников лесоводов и специалистов занятых проблемой окружающей лесной среды и охраны природы.
521 Примеч. о цел. назн. __
a Примеч. о целев. назн. Среднее профессиональное образование
650 Тематические рубрики __
a Основная рубрика Сельское хозяйство
x Основная подрубрика Лесное хозяйство
655 Указ. предметных рубрик (устаревшее) __
a Жанр/ форма (устаревшее) Учебник
856 Электронный адрес документа 4_
a Имя сервера/домена znanium.ru
m Помощь ebs_support@infra-m.ru
n Местонахождение сервера НИЦ ИНФРА-М
u URL https://znanium.ru/catalog/document?id=478391
856 Электронный адрес документа 48
a Имя сервера/домена znanium.ru
d Путь /cover/2242
f Электронное имя 2242883.jpg
q Тип электронного формата image/jpeg
u URL https://znanium.ru/cover/2242/2242883.jpg
911 __
u 0030=https://znanium.ru/catalog/document?id=478391